| Поле | Инд. | ПП | Название | Значение |
|---|---|---|---|---|
| Тип записи | a | |||
| Библиографический уровень | m | |||
| 001 | Контрольный номер | 4f1ec47278c7435ca459b889072b2c1b | ||
| 005 | Дата корректировки | 20250217161436.0 | ||
| 020 | a | ISBN | 978-5-91292-305-0 | |
| c | Цена, тираж | 350 р. | ||
| 080 | a | Индекс УДК | 33 | |
| 084 | a | Индекс другой классификации/Индекс ББК | У263 | |
| 090 | x | Авторский знак | П 75 | |
| a | Полочн. индекс | У2 | ||
| 097 | b | Оператор | *Еж* | |
| 097 | b | Оператор | *Вин* | |
| 097 | b | Оператор | *Ст* | |
| 245 | 10 | a | Заглавие | Привлекательность инвестиционного климата и инвестиционные риски: методология, методы диагностики и оценки |
| b | Продолж. заглавия | монография | ||
| c | Ответственность | под редакцией Г.А. Александрова | ||
| 260 | a | Место издания | Москва | |
| b | Издательство | Креативная экономика | ||
| c | Дата издания | 2020 | ||
| 300 | a | Объем | 339 с. | |
| 516 | 8_ | a | Прим. о типе комп. файла/ данных | Текст : непосредственный |
| 583 | a | Действие | Приписка : текст | |
| 653 | 0_ | a | Ключевые слова | Инвестиционный климат |
| a | Ключевые слова | Инвестиционная деятельность | ||
| a | Ключевые слова | Национальная экономика | ||
| a | Ключевые слова | Инвестиционные риски | ||
| 655 | a | Жанр/ форма (устаревшее) | *Н* | |
| 901 | t | Тип документа | m | |
| 905 | a | Дата создания записи | 07.10.20 | |
| a | Дата создания записи | 12.10.21 | ||
| 952 | e | Факультет | *ФУСК* | |
| 952 | a | Тип литературы для КСУ ВШ | *Н* | |
| 990 | c | Приоритет заказа (DOS) | *д* | |
| f | Даты поступлений (DOS) | 08.09.20 | ||
| f | Даты поступлений (DOS) | 28.09.21 | ||
| g | Размещение заказа (DOS) | пожертв. от читателей | ||
| h | N записи в КСУ для Б/У (DOS) | 20/2020 | ||
| h | N записи в КСУ для Б/У (DOS) | 30/2021 | ||
| j | Количество экземпляров (DOS) | 1+1 |